Krajinná pokrývka Slovenska = Land Cover of Slovakia /

Guardado en:
Detalles Bibliográficos
Autores principales: Feranec, Ján, 1951- (Autor), Oťaheľ, Ján (Autor)
Formato: Libro
Lenguaje:eslovaco
inglés
Publicado: Bratislava : VEDA, 2001
Edición:1. vydanie
Materias:
Etiquetas: Agregar Etiqueta
Sin Etiquetas, Sea el primero en etiquetar este registro!

MARC

LEADER 00000nam a22000003a 4500
001 0064744
003 SK-STU
005 20190412123006.7
007 ta
008 180424s ----xo-----e------000-0-----d
020 |a 80-224-0663-5 
040 |a STU  |b slo 
041 0 |a slo  |a eng 
044 |a xo 
100 1 |a Feranec, Ján,  |d 1951-  |4 aut  |X 55286  |7 A000055286 
245 1 0 |a Krajinná pokrývka Slovenska = Land Cover of Slovakia /  |c aut. Ján Feranec, Ján Oťaheľ 
250 |a 1. vydanie 
260 |a Bratislava :  |b VEDA,  |c 2001 
300 |a 124 s. 
650 0 7 |a krajina 
650 0 7 |a využitie krajiny 
650 0 7 |a Slovensko 
650 0 7 |a zmeny krajiny 
650 0 7 |a mapovanie 
700 1 |a Oťaheľ, Ján  |4 aut 
996 |b 284AU07372  |c A* 10621/U  |l AA5150  |s P  |a 0  |w 0064744_0001 
996 |b 284AU07548  |c A* 10796/U  |l AAKNAR  |s A  |a 24  |w 0064744_0002